馬可福音 Ma ke fu yin = Mark {ch} / (Record no. 40352)
[ view plain ]
| 000 -LEADER | |
|---|---|
| fixed length control field | 00906cam a2200229 a 4500 |
| 001 - CONTROL NUMBER | |
| control field | 34967176 |
| 003 - CONTROL NUMBER IDENTIFIER | |
| control field | OSt |
| 005 - DATE AND TIME OF LATEST TRANSACTION | |
| control field | 20201201090305.0 |
| 008 - FIXED-LENGTH DATA ELEMENTS--GENERAL INFORMATION | |
| fixed length control field | 960611s1996 hk b 001 0 chi |
| 020 ## - INTERNATIONAL STANDARD BOOK NUMBER | |
| International Standard Book Number | 988828665X (v. 1) |
| 020 ## - INTERNATIONAL STANDARD BOOK NUMBER | |
| International Standard Book Number | 9789888286652 (v. 1) |
| 020 ## - INTERNATIONAL STANDARD BOOK NUMBER | |
| International Standard Book Number | 9888286668 (v. 2) |
| 020 ## - INTERNATIONAL STANDARD BOOK NUMBER | |
| International Standard Book Number | 9789888286669 (v.2) |
| 100 1# - MAIN ENTRY--PERSONAL NAME | |
| Personal name | 大衞‧加蘭 Garland, David E. |
| 245 10 - TITLE STATEMENT | |
| Title | 馬可福音 Ma ke fu yin = Mark {ch} / |
| Statement of responsibility, etc | Dawei Jialan (David E. Garland) zhu ; Chen Gui yi. (大衞‧加蘭(David E. Garland)著 ; 沈珪譯.) |
| 260 ## - PUBLICATION, DISTRIBUTION, ETC. (IMPRINT) | |
| Place of publication, distribution, etc | 漢語聖經協會, Xianggang : |
| Name of publisher, distributor, etc | Han yu Sheng jing xie hui, |
| Date of publication, distribution, etc | ©2016. |
| 300 ## - PHYSICAL DESCRIPTION | |
| Extent | 2 volumes ; |
| Dimensions | 23 cm. |
| 440 ## - SERIES STATEMENT/ADDED ENTRY--TITLE | |
| Title | 國際釋經應用系列 Guo ji shi jing ying yong xi lie = NIV application commentary. |
| Number of part/section of a work | 41A |
| -- | 41B |
| 504 ## - BIBLIOGRAPHY, ETC. NOTE | |
| Bibliography, etc | Includes bibliographical references and indexes. |
| 630 00 - SUBJECT ADDED ENTRY--UNIFORM TITLE | |
| Uniform title | Bible. |
| Name of part/section of a work | Mark |
| General subdivision | Commentaries {ch}. |
| 942 ## - ADDED ENTRY ELEMENTS (KOHA) | |
| Source of classification or shelving scheme | Library of Congress Classification |
| Item type | Books |
| Koha issues (borrowed), all copies | 2 |
| Withdrawn status | Lost status | Source of classification or shelving scheme | Damaged status | Not for loan | Home library | Current library | Shelving location | Date acquired | Source of acquisition | Cost, normal purchase price | Serial Enumeration / chronology | Inventory number | Total Checkouts | Total Renewals | Full call number | Barcode | Checked out | Date last seen | Date last borrowed | Price effective from | Koha item type |
|---|---|---|---|---|---|---|---|---|---|---|---|---|---|---|---|---|---|---|---|---|---|
| Library of Congress Classification | BSOP Library | BSOP Library | Reference Chinese | 12/01/2016 | 873.00 | 41 A | C-14887 | 2 | 2 | BS498.C5 N64 MarkA | 00051187 | 07/29/2021 | 12/01/2020 | 12/01/2020 | 12/01/2016 | Books | |||||
| Library of Congress Classification | BSOP Library | BSOP Library | Reference Chinese | 12/01/2016 | 873.00 | 41 B | C-14888 | BS498.C5 N64 MarkB | 00051188 | 12/01/2016 | 12/01/2016 | Books |
